000 00804nam a22003010a 4500
001 PT8093
003 AR-LpoUNG
005 20210131232306.0
008 191001s1993||||sp |||||||||||||||||spa d
020 _a8471533952
_c$28.33
040 _aAR-LpoUNG
_bspa
_cAR-LpoUNG
_eaacr
041 _aspa
044 _asp
082 0 _aR453 576dic
245 1 0 _aDiccionario italiano - español, español - italiano
250 _a1ra. ed.
260 _aBarcelona :
_bBiblograf,
_c1993.
300 _a252 p. :
_bil., gráfs.
650 4 _aDICCIONARIOS
650 4 _aMATERIAL DE REFERENCIA
650 4 _aTERMINOLOGIA
651 4 _aDOCUMENTOS TEORICOS O METODOLOGICOS
653 _aDICCIONARIOS BILINGÜES
653 _aDICCIONARIOS DE ITALIANO
710 2 _aVOX
905 _a8093
942 _cLSALA
999 _c14748
_d14748